| 000 | 00569nam a22001817a 4500 | ||
|---|---|---|---|
| 999 |
_c19593 _d19593 |
||
| 003 | AR-CdUCM | ||
| 008 | 190518b ||||| |||| 00| 0 spa d | ||
| 040 |
_aMUNICIPALIDAD PROVINCIAL DEL CUSCO _cBIBLIOTECA MUNICIPAL DEL CUSCO |
||
| 082 |
_a891.004 / _bL77 |
||
| 245 | _aLa literatura soviƩtica / | ||
| 260 |
_aBuenos Aires : _c1964. |
||
| 300 |
_a254 paginas ; _c23 cm. |
||
| 505 | _aContenido :Algunas reflexiones sobre las prosas Rusa y Occidental / | ||
| 650 |
_aLiteratura _9416 |
||
| 650 |
_aSiglo XX _98 |
||
| 942 |
_2ddc _cLIBROS |
||
| 945 |
_arjall _d2019-05-17 |
||